00286nam a2200121Ia 4500003000400000008004100004082001700045100002000062245003600082260002700118300001100145650000800156OSt191201s2019 xx 000 0 und d a658.421bNAE aNARAYANA, Reddy 0aEntrepreneurship Text and Cases bCengage Learningc2019 a402 p. aMBA